000 00872cab a2200313 4500
001 ABS55030
008 090401t1996 xxu||||| |||| 00| 0 eng d
035 _a(Sirsi) u13695
041 _aeng
245 _aCoastal issues
260 _c1996
350 _a0
490 _aNew Civil Engineer
_v(1171) 25 April 1996, 18-33(14)
520 _aA feature on coastal issues, including the restoration of Swanage pier, coastal erosion, harbours, pumping stations, beaches and coastal defences.
650 _aARTIFICIAL REEFS
650 _aBEACHES
650 _aCOASTAL DEFENCES
650 _aCOASTAL ENGINEERING
650 _aCOASTAL EROSION
650 _aGRIBBLE
650 _aHARBOURS
650 _aPIERS
650 _aRESTORATION
650 _aSWANAGE PIER
690 _aCONSERVATION
690 _aMARINE RESOURCES
942 _n0
948 _c04/03/1997
999 _c8815
_d8815